00237 2200109 4500245002800000250001100028100002500039650001600064005001900080041001400099084001400113 aRUMAH ADAT BETAWIhText aCet. 1 aSalwa Zhalilah Putri aKarya Siswa a20250424091023 aIndonesia a081 SAL r